MARC

LEADER 00000nam0a2200000 4500
001 276895
005 20231101234950.0
020 |a RU  |b 86-16698 
035 |a (RuTPU)RU\TPU\book\300168 
090 |a 276895 
100 |a 20141126d1986 k y0rusy5003 ca 
101 0 |a rus 
102 |a RU 
105 |a a z 001zy 
200 1 |a Методика определения экономической эффективности радиационной дефектоскопии  |f В. С. Акопов, В. А. Бердоносов, В. И. Горбунов 
210 |a Москва  |c Энергоатомиздат  |d 1986 
215 |a 120 с.  |c ил. 
320 |a Библиогр.: с. 118-119 
606 1 |a Дефектоскопия радиационная  |2 stltpush  |3 (RuTPU)RU\TPU\subj\9377  |9 36636 
610 1 |a радиационный контроль 
610 1 |a экономическая эффективность 
610 1 |a определение 
610 1 |a продукция 
610 1 |a качество 
610 1 |a повышение 
610 1 |a параметры 
610 1 |a оптимизация 
610 1 |a расчет 
610 1 |a машиностроение 
610 1 |a применение 
675 |a 620.179.152  |v 4 
700 1 |a Акопов  |b В. С.  |g Вячеслав Степанович  |4 070 
701 1 |a Бердоносов  |b В. А.  |g Валерий Александрович 
701 1 |a Горбунов  |b В. И.  |g Владимир Иванович 
801 0 |a RU  |b RuMRKP  |c 19950704  |g psbo 
801 1 |a RU  |b 63413507  |c 20141126 
801 2 |a RU  |b 63413507  |c 20171219  |g RCR 
942 |c BK